000 00550nam a2200229Ia 4500
003 OSt
005 20220918202901.0
006 a|||||r|||| 00| 0
007 ta
008 220917b |||||||| |||| 00| 0 eng d
024 _a104,582
037 _cTextual
040 _aARTS
_cARTS
_beng
041 _2eng
_aeng
082 _aV3:19wN, J5
100 _aHoare Geoffrey
_9105743
245 0 _aMissing Macleans
260 _c1955
650 _aHISTORY
942 _hV3:19wN, J5
_cTEXL
_2CC
999 _c227944
_d227944